[Event "Promotion Meyreuil 04/05"]
[Site "?"]
[Date "2004.10.16"]
[Round "1"]
[White "Bordenave, Robert"]
[Black "Nakache, Jonathan"]
[Result "1-0"]
[WhiteElo "1670"]
[BlackElo "1610"]
[PlyCount "89"]
[EventDate "2004.??.??"]

1. d4 d5 2. Bf4 Nf6 3. e3 Bf5 4. Nf3 e6 5. c3 Bd6 6. Bxd6 Qxd6 7. Nbd2 Nbd7 8.
Be2 O-O 9. O-O c5 {apres des premiers coups plutot pacifiques, les Noirs
tentent de s'emparer de l'initiative ... Les Blancs reagissent et la partie
s'anime !} 10. Nh4 Bg6 11. Nxg6 fxg6 {
Ouverture des lignes ... meilleur que ...hxg6} 12. c4 cxd4 13. exd4 Rac8 14.
cxd5 exd5 15. Bf3 Qb4 16. Nb3 Rfe8 17. Re1 Nb6 18. Rxe8+ Rxe8 19. Qd2 Qxd2 20.
Nxd2 Rc8 21. Bd1 Ne4 $6 {
Ce n'est pas le bon cavalier ... le B blanc va maintenant dominer le N noir} (
21... Nc4 $5 {C'est ce cavalier qu'il faut recentrer} 22. Rc1 Re8 23. Nf3 Nxb2
$15) 22. Nxe4 dxe4 23. Bb3+ Kf8 24. g3 Nc4 25. Rc1 Nd6 26. Rxc8+ Nxc8 27. Bd5
Nd6 28. Kf1 Ke7 (28... b6 $5 29. Ke2 Nf5 30. Bxe4 Nxd4+ 31. Ke3 Nf5+ 32. Kf4
Nd6 33. Bd3 $14 {Les blancs restent quand meme mieux}) 29. Ke2 Kf6 30. b3 (30.
Ke3 $1 {conversion de la finale en gain} g5 31. b4 g4 32. Bxe4 h5 33. f3 b5 34.
fxg4 hxg4 $18) 30... b6 (30... Nf5 31. Bxe4 Nxd4+ 32. Kd3 Ne6 $16 {
reste encore le moins pire ...}) 31. Ke3 Kf5 32. h3 h5 33. h4 (33. Bxe4+ $1
Nxe4 $2 34. g4+ hxg4 35. hxg4+ Kxg4 36. Kxe4 $18 {et le pion va a dame}) 33...
b5 34. a3 a5 35. Bc6 a4 (35... g5 $5 {
un petit coup pour rendre la tache des Blancs un peu plus dure} 36. hxg5 g6 37.
a4 bxa4 38. Bd7+ Kxg5 39. Bxa4 Kf6 40. Bc6 Kf5 $14) 36. bxa4 bxa4 (36... Nc4+
$5 37. Ke2 bxa4 38. Bxa4 Nxa3 39. Bd7+ Kf6 40. Ke3 g5 41. hxg5+ Kxg5 42. Kxe4
$18) 37. Bd7+ Kf6 38. Bxa4 Nc4+ 39. Kxe4 Nxa3 40. Kd5 Nb1 41. Kc6 Nc3 42. d5 $4
{Croyant que le cavalier ne peut plus revenir} (42. Bc2 $18 {
et les Blancs devraient toujour gagner}) 42... Nxa4 43. d6 {#} Nb6 $4 {
effectivement, comme ca le cavalier ne revient pas} (43... Nc3 $1 44. Kc7 (44.
d7 Ke7 45. Kc7 Nd5+ 46. Kc6 (46. Kc8 Nb6+ $19) 46... Nf6 $19) 44... Nb5+ 45.
Kc6 Nd4+ 46. Kd7 g5 47. hxg5+ Kxg5 $17 {fin de la partie}) 44. Kxb6 Ke6 45. Kc7
1-0

[Event "Promotion Meyreuil 04/05"]
[Site "?"]
[Date "2004.10.16"]
[Round "1"]
[White "Blondelon, Alain"]
[Black "Jullien, Patrick"]
[Result "0-1"]
[WhiteElo "1590"]
[BlackElo "1700"]
[PlyCount "45"]
[EventDate "2004.??.??"]

1. Nf3 Nf6 2. d4 d6 3. e3 g6 4. c3 Bg7 5. Bd3 O-O 6. O-O Bg4 7. Nbd2 c5 8. Qc2
Nc6 9. Re1 Rc8 10. Qb1 cxd4 11. exd4 Re8 12. Ng5 (12. h3 $5) 12... e5 {
les Noirs s'emparent de l'initiative} 13. dxe5 Nxe5 14. Bc2 d5 15. Ngf3 (15. h3
$5 Bh5 16. Bd1 $15 {c'etait moins pire}) 15... Bxf3 16. gxf3 (16. Rxe5 $5 {
le sacrifice de qualite devait etre envisage} Rxe5 17. Nxf3 Re7 18. Bg5 Qb6 19.
Be3 Rxe3 20. fxe3 Qxe3+ 21. Kh1 $19) 16... d4 17. cxd4 Qxd4 18. Kg2 Qh4 (18...
Nxf3 $1 {par exemple :} 19. Nxf3 Qg4+ 20. Kf1 Qxf3 21. Be3 Ng4 22. Bd1 Qh3+ 23.
Kg1 Qxh2+ 24. Kf1 Rxe3 {suivi du mat}) 19. Nf1 (19. Bd1 $5 $19 {
pouvait aussi etre essaye, mais probablement sans plus de succes}) 19... Nd5 (
19... Nxf3 {etait plus expeditif} 20. Rxe8+ Rxe8 21. Bf5 Ne1+ 22. Kg1 Ng4 23.
Be3 Rxe3 24. Bxg4 Qxg4+ $19) 20. Be4 Nc6 21. Bd2 Bd4 $2 (21... Nf4+ {
etait meilleur} 22. Bxf4 Qxf4 $17) 22. Bxd5 $1 $14 Qxf2+ 23. Kh1 $4 (23. Kh3 {
assure l'egalite. Par exemple :} Ne7 24. Bxf7+ Kxf7 25. Qd3 Nd5 26. Re4 Rxe4
27. fxe4 Nf6 (27... Nb6 $2 28. Ng3 {(/\ Rf1)} Bf6 29. Rf1 Qc5 30. Bc3 Rc6 31.
e5 Qe7 32. Ne4 $18 {5 pieces sur ce pauvre B noir cloue, c'est beaucoup trop !}
) 28. Qb3+ Ke8 $1 $11 (28... Kf8 $4 29. Qe6 $1 {(/\ Bh6# et Qxc8+)} Rc7 30.
Bh6+ Rg7 31. Qd6+ Kf7 32. Qc7+ Ke6 33. Qc4+ Ke7 34. Qb4+ Ke6 35. Bxg7 $18)) 0-1

[Event "Promotion Meyreuil 04/05"]
[Site "?"]
[Date "2004.10.16"]
[Round "1"]
[White "Wilfert, Fabrice"]
[Black "Briquet, Xavier"]
[Result "1-0"]
[WhiteElo "2013"]
[BlackElo "1490"]
[PlyCount "53"]
[EventDate "2004.??.??"]

1. e4 e5 2. Nc3 Nf6 3. f4 d6 (3... d5 {est le meilleur coup. par exemple} 4.
fxe5 Nxe4 5. Nf3 Be7 $11) 4. Nf3 Nc6 5. Bb5 Bd7 6. d3 Be7 $16 {
les Blancs ont deja un bon avantage} 7. Bxc6 bxc6 8. fxe5 dxe5 (8... Ng4 $5) 9.
Nxe5 Bd6 10. Nxd7 Qxd7 11. O-O O-O 12. d4 $18 {les Blancs ont 1 P, le centre,
une belle colonne f et une meilleure structure de pions ...} Ng4 $6 (12... c5 {
pour se debarrasser du Pc double et lutter contre le centre blanc} 13. e5 cxd4
14. Qxd4 Be7 15. Be3 c5 16. Qd2 Qxd2 17. Bxd2 $16) 13. e5 $1 Bb4 14. Ne4 (14.
h3 {est encore plus terrible ... mais on va y venir} Nh6 $18) 14... Qe6 (14...
Rad8 {juste pour resister un peu plus ?} 15. c3 Be7 16. Bg5 f6 17. Qb3+ Qd5 18.
exf6 gxf6 $18) 15. h3 (15. Ng5 $18 {est aussi tres fort}) 15... Nh6 16. Nf6+
gxf6 17. Rxf6 Qe7 {pas le moins pire, mais les carottes sont cuites ...} (17...
Qd7 $18 {est un coups moins pire, mais bof ...}) 18. Bxh6 Kh8 19. Qh5 Rad8 20.
c3 Ba5 {
on vous epargne les variantes Fritz qui permettent de passer de -9 a -7 ...}
21. Bg5 Qd7 22. Raf1 Qe8 23. R1f4 (23. Rxf7 Qxf7 24. Rxf7 Rxf7 25. Qxf7 {
et Bf6 mat}) 23... Rg8 (23... Qxe5 $18 {
propose par Fritz est tout simplement ridicule}) 24. Rxf7 (24. Qxh7+ {
pour finir en beaute ...} Kxh7 25. Rh4+ Kg7 26. Bh6+ Kh7 27. Bf8#) 24... Rg7
25. Bf6 Kg8 26. Rxg7+ Kf8 27. Qxh7 1-0

[Event "Promotion Meyreuil 04/05"]
[Site "?"]
[Date "2004.10.16"]
[Round "1"]
[White "Alpe, Jean-Charles"]
[Black "Kolb, Sebastien"]
[Result "0-1"]
[WhiteElo "1490"]
[BlackElo "2040"]
[PlyCount "80"]
[EventDate "2004.??.??"]

1. c4 Nf6 2. g3 g6 3. Bg2 Bg7 4. Nc3 O-O 5. e4 d6 6. d3 c6 7. Nge2 e5 8. O-O
Nh5 9. Rb1 a5 10. Be3 f5 11. Qd2 Nd7 (11... Nf6 $11 {
est nettement prefere par Fritz}) 12. a3 (12. exf5 $5 gxf5 13. f4 exf4 14. Nxf4
Nxf4 15. Bxf4 $16 {et les Blancs ont une bonne position}) 12... Ndf6 13. h3 Rf7
14. b4 (14. exf5 $14 {semble toujours superieur}) 14... axb4 15. axb4 Qf8 $14 (
15... Nxe4 $5 16. dxe4 f4 $15) 16. b5 $15 {
Le plan a l'aile dame n'est pas le meilleur} (16. exf5 $14 {
toujours ce coup prefere par Fritz}) 16... f4 $1 17. gxf4 exf4 18. Nxf4 Nxf4
19. Bxf4 Nh5 (19... Nxe4 $5 $13 {Par exemple :} 20. Bxe4 Rxf4 21. bxc6 bxc6 22.
Bxc6 Bxh3 23. Bd5+ Kh8 24. Rfe1 (24. Bxa8 $2 Rg4+ 25. Kh1 Qxa8+ 26. Ne4 Bg2+
27. Kh2 Qd8 $19) 24... Bd4 25. Nd1 $17) 20. Be3 Nf4 21. Bxf4 Rxf4 22. Ne2 Rh4
23. Kh2 $6 {permet la suite de la partie...} (23. bxc6 {
et les Blancs gardent l'avantage. Par exemple :} bxc6 24. Qe3 Rh5 25. Rb6 Qe8
26. d4 Rha5 27. e5 $16) 23... Bxh3 $1 24. Bxh3 Qf3 25. Ng3 Qg4 26. Kg2 (26. Rh1
{est necessaire} Rxh3+ 27. Kg2 Rxh1 28. Rxh1 cxb5 29. cxb5 d5 30. exd5 Qd7 $17)
26... Qxh3+ 27. Kf3 Qg4+ 28. Kg2 Qh3+ (28... Rf8 $3 {
simple, efficace et met fin a la partie.} 29. Rh1 (29. f3 Qh3+ 30. Kf2 Bd4+) (
29. f4 Qh3+ 30. Kf3 Bh6) 29... Qf3+ 30. Kg1 Bd4 $19) 29. Kf3 cxb5 $6 (29... Bh6
$1 30. Qc2 Rf8+ 31. Ke2 Qxg3 32. fxg3 Rh2+ 33. Ke1 Rxf1+ 34. Kxf1 $19) 30. cxb5
(30. Qg5 {resiste un peu mieux}) 30... Rf8+ (30... Qg4+ {
pour revenir a la variante du 28eme coup} 31. Kg2 Rf8 $19) 31. Ke2 Qxg3 (31...
Be5 $5 32. Rg1 Qg4+ 33. Ke1 Rh2 34. Ne2 Qf3 35. Rc1 Qxf2+ 36. Kd1 $19) 32. fxg3
Rh2+ {#} 33. Ke1 $4 (33. Ke3 $1 Bh6+ 34. Rf4 Bxf4+ 35. gxf4 Rxd2 36. Kxd2 Rxf4
37. Ra1 Kg7 $15 {et les Blancs peuvent encore lutter pour la nulle}) 33...
Rxf1+ 34. Kxf1 Rxd2 35. Rb3 Rb2 36. Rxb2 Bxb2 37. Ke2 Bd4 38. Kd2 Kf7 39. Kc2
Ke6 40. Kb3 Ke5 0-1

[Event "Promotion Meyreuil 04/05"]
[Site "?"]
[Date "2004.10.23"]
[Round "1"]
[White "Mallet, Bruno"]
[Black "Gozzo, Jean-Claude"]
[Result "1/2-1/2"]
[WhiteElo "1520"]
[BlackElo "1590"]
[PlyCount "55"]
[EventDate "2004.??.??"]

1. e4 e6 2. d4 d5 3. e5 c5 4. c3 Qb6 5. Nf3 Nc6 6. b3 {
on joue plutot Be2, a3 ou Bd3} cxd4 7. cxd4 Bb4+ 8. Ke2 Bd7 9. a3 Qa5 10. Bb2
Be7 11. Bc3 Qc7 12. Qc2 Rc8 13. Kd1 Nh6 14. Bd3 Nf5 15. Nbd2 (15. Qd2 {
permettait au cavalier de garder sa protection sur c3} Qb6 16. Bc2 O-O 17. Qd3
Nd8 18. Qd2 Bc6 19. Bb4 Bxb4 $15 {Les Noirs conservent un leger avantage})
15... Qb6 {rate une bonne opportunite} (15... Nxe5 $1 16. Nxe5 Qxc3 17. Qxc3
Rxc3 18. Bxf5 exf5 19. Re1 Bb5 20. Nef3 $17 {
Les Noirs ont un P de plus et la paire de B}) 16. Qb2 O-O 17. Ke2 Na5 18. Rhc1
(18. b4 {C'est au blancs de prendre de l'expansion sur l'aile dame} Nc6 19.
Rhc1 a6 20. Kf1 Rc7 21. g4 Nh4 22. Qc2 Ng6 $15) 18... Bb5 $1 {
Un joueur de Francaise ne rate jamais (?) une occasion d'echanger son mauvais B
} 19. Bxb5 Qxb5+ 20. Ke1 Rc6 (20... Nc6 {Remet le cavalier en jeu pour laisser
les Blanc avec leur mauvais fou ... et les torturer encore un peu.} 21. Rc2 Rc7
22. Rac1 Rfc8 $17) 21. Bxa5 {C'est au tour des Blancs de sauter sur l'occasion
pour se debarasser de leur mauvais fou et de se liberer un peu par la meme
occasion} Qxa5 22. Rxc6 bxc6 23. b4 Qb6 24. Nb3 {Les Blancs ont pris le
controle de c5 ... le Pc6 arriere peut etre pris pour cible.} Rb8 25. Qc3 Kf8
26. Rc1 Rc8 27. Nc5 Ke8 28. Nb3 $14 1/2-1/2

[Event "Promotion Meyreuil 04/05"]
[Site "?"]
[Date "2004.11.13"]
[Round "2"]
[White "Jullien, Patrick"]
[Black "Wilfert, Fabrice"]
[Result "0-1"]
[WhiteElo "1700"]
[BlackElo "2013"]
[PlyCount "40"]
[EventDate "2004.??.??"]

1. d4 d5 2. c4 e5 3. dxe5 d4 4. Nf3 Nc6 5. a3 a5 6. Bf4 (6. e3 {
est le coup preconise dans cette position}) 6... f6 7. Nbd2 $11 {
renonce un peu facilement au pion du gambit} (7. h3 a4 8. e4 Bc5 9. Bd3 Qe7 10.
exf6 Nxf6 11. O-O $16 {
et c'est au Noirs de chercher les compensations pour le P}) 7... g5 8. Bg3 g4
9. exf6 $5 $17 (9. Ng1 $15 {
bien que laissant une forte initiative est preferable}) 9... gxf3 10. f7+ Kxf7
11. Nxf3 Be7 12. Qd3 Bf6 13. Bf4 Nge7 14. g3 Ng6 15. Bh6 $6 (15. Rd1 $5 Nxf4
16. gxf4 Qd6 17. Ng5+ Bxg5 18. fxg5 Qf4 19. Bg2 Bf5 $19) 15... Nce5 16. Nxe5+
Nxe5 17. Qc2 d3 $1 {les Noirs profitent de l'avantage de developpement} 18.
exd3 Nf3+ 19. Kd1 Nd4 $19 {une case royale pour le N} 20. Qc3 (20. Qb1 Bg4+ 21.
Kd2 Re8 22. Be3 Nb3+ 23. Kc2 Nxa1+ 24. Qxa1 $19) 20... Bg4+ (20... Bg4+ 21. Kc1
Ne2+ 22. Bxe2 Bxc3 23. Bxg4 Qf6 $19 {la Q finit facilement}) 0-1

[Event "Promotion Meyreuil 04/05"]
[Site "?"]
[Date "2004.11.13"]
[Round "2"]
[White "Nakache, Jonathan"]
[Black "Mallet, Bruno"]
[Result "1/2-1/2"]
[WhiteElo "1610"]
[BlackElo "1520"]
[PlyCount "94"]
[EventDate "2004.??.??"]

1. e4 e5 2. Nf3 Nc6 3. Bc4 Bc5 4. d3 Nf6 5. Bg5 (5. c3 {
pour controler un peu plus le centre}) 5... h6 6. Bh4 d6 7. Nc3 Be6 8. Bxe6
fxe6 9. O-O O-O 10. Qd2 a6 11. Ne2 Qe8 12. c3 Bb6 13. Bxf6 Rxf6 14. d4 exd4 15.
cxd4 d5 $15 (15... Qg6 $5 $17 {avec de l'attaque sur le K} 16. Qe3 Raf8 17. Kh1
R6f7 18. Rac1 Ne5 19. Neg1 Ng4 20. Qd3 $15) 16. e5 Rf8 17. Rac1 Qg6 18. Ng3 $6
(18. Kh1 Rf7 19. b4 Raf8 20. a4 Qe4 21. Ng3 Qf4 22. Qxf4 Rxf4 23. Ne2 $11)
18... Rac8 (18... Rxf3 $5 19. gxf3 Nxd4 $17 {avec une bonne attaque}) 19. Rfd1
(19. Rc3 Ba5 20. Qd3 {pour empecher le sacrifice en f3 sans craindre le Ba5})
19... Ba5 (19... Rxf3 {est toujours le coup prefere de Fritz} 20. gxf3 Nxd4 $15
) 20. Qe2 $11 Qg4 21. Qd3 Qf4 22. Ne2 Qf5 23. Qxf5 Rxf5 24. a3 Ne7 25. Rd3 c6
26. Rb3 b5 27. Rd3 Bb6 28. Rdc3 a5 29. Ne1 Rcf8 30. Nd3 g5 $6 {#} 31. f3 (31.
Rxc6 $5 {
c'est au tour des Blancs d'avoir un sacrifice de qualite pour un tres bon jeu}
Nxc6 32. Rxc6 Ba7 33. Rxe6 Rc8 34. Ra6 Rf7 35. Kf1 (35. Rxa5 {
les Noirs doivent etre tres precis} Rc2 36. Kf1 Rd2 $8 (36... Rb7 $2 37. Ke1
Kg7 38. Ng3 Rcc7 39. Nf5+ Kg6 40. Nd6 $18) 37. Nec1 Bxd4 $8 (37... Rc2 38. Rxb5
Bxd4 39. Ne2 Rd2 40. Nxd4 Rxd3 41. Rxd5 Rd2 42. Ke1 Rdxf2 43. Rd8+ Kg7 44. e6
Rf1+ 45. Kd2 R7f2+ 46. Kc3 Re1 47. g4 Kg6 48. b4 Rxh2 49. b5 $18) 38. e6 (38.
Rxb5 $2 Bxf2 39. e6 Rf6 40. Rb8+ Kg7 41. Rb7+ Kf8 42. Rf7+ Rxf7 43. exf7 $17)
38... Rfxf2+ 39. Nxf2 Rxf2+ 40. Ke1 Kf8 41. Ne2 Be3 42. Rxb5 d4 $16) 35... a4
36. Rd6 Rc4 37. Rxd5 Kf8 38. Rd6 Ke8 39. d5 Rd7 40. Rxd7 Kxd7 41. Nc3 Bd4 42.
Nxb5 Bxb2 43. Ke2 Bc1 44. e6+ Ke7 45. Nb4 Bf4 46. Kd3 Rc1 47. Nc6+ $18) 31...
Rc8 32. Nc5 Bxc5 33. Rxc5 Rff8 34. Ng3 Rf4 35. Rd1 Rh4 36. Ne2 Rf8 37. g3 Rh5
38. Kg2 Kg7 39. Rf1 {
il semble que le jeu soit plutot sur l'aile-dame avec la R noire coincee en h5}
Kg6 40. g4 {la R va pouvoir sortir apres h5} Rh4 41. Kg3 (41. Ng3 $5 $11 {
pour garder encore la R enfermee}) 41... h5 42. gxh5+ $15 (42. Rcc1 $5 {
pour garder du jeu sur la colonne f} Rh8 43. Ng1 a4 (43... hxg4 44. fxg4 Rxh2
45. Rf6+ Kg7 46. Rxe6 Kf7 47. Rf6+ Ke8 48. b4 $11) 44. h3 Rf8 45. Ne2 Rh8 $11)
42... Rxh5 43. Kg2 Rfh8 44. Rh1 a4 45. Nc1 Rh4 46. Ne2 Kf7 47. h3 Ke8 (47...
Nf5 $5 48. Rxc6 Nxd4 49. Nxd4 Rxd4 $15) (47... Ke8 48. Rcc1 Kd7 49. Rcg1 $15)
1/2-1/2

[Event "Promotion Meyreuil 04/05"]
[Site "?"]
[Date "2004.11.13"]
[Round "2"]
[White "Briquet, Xavier"]
[Black "Bordenave, Robert"]
[Result "0-1"]
[WhiteElo "1490"]
[BlackElo "1670"]
[PlyCount "128"]
[EventDate "2004.??.??"]

1. e4 c6 2. d4 d5 3. e5 Bf5 4. c4 e6 5. g4 $6 (5. Nc3 {
est le coup theorique dans cette position}) 5... Be4 6. Nf3 Bb4+ (6... dxc4 $1
7. Be2 Bxb1 8. Rxb1 Qa5+ 9. Bd2 Qxa2 10. Ra1 Qxb2 11. Rb1 $15) 7. Bd2 Bxf3 $11
(7... Qb6 $5 8. c5 Bxf3 9. cxb6 Bxd1 10. bxa7 Bf3 11. axb8=Q+ Rxb8 12. Rg1 Be7
$11) 8. Qxf3 Bxd2+ 9. Nxd2 Ne7 10. O-O-O Nd7 11. h4 $6 {
il n'y pas grand chose a esperer de ce cote de l'echiquier ... pour l'instant}
(11. Qb3 $11 {ou Qc3 est preferable}) 11... Qa5 (11... c5 $5 12. dxc5 Qa5 13.
Kb1 Rc8 $11) 12. Kb1 Rf8 (12... c5 $5 {toujours ...} 13. Nb3 Qb4 14. a3 Qb6 15.
dxc5 Nxc5 16. Nxc5 Qxc5 17. cxd5 Nxd5 18. Rc1 Qb6 $11) 13. g5 O-O-O (13... Nf5
$14) 14. Nb3 $14 Qc7 15. Qh5 dxc4 16. Bxc4 Nf5 17. Qg4 Nb6 18. Bd3 g6 19. h5
Rh8 20. hxg6 $6 {donne un peu d'espace aux Noirs} hxg6 21. Rxh8 Rxh8 22. Bxf5
gxf5 23. Qg3 Qd8 24. f4 (24. g6 $5 fxg6 (24... Rg8 25. g7 $14) 25. Qxg6 Qe8 26.
Qxe8+ Rxe8 27. Rh1 Nd5 28. Rh7 Rg8 29. Nc5 Nc7 30. Rh6 Re8 $14) 24... Qd5 $1
$15 25. g6 fxg6 26. Qxg6 Nd7 27. Qg3 Qe4+ 28. Kc1 Qd5 $6 {
la Q etait pourtant bien placee en e4} (28... Rh1 29. Rxh1 Qxh1+ 30. Kc2 Qd5
31. Qg8+ Kc7 32. Qg3 Qe4+ 33. Kc1 $11) 29. Rg1 $11 (29. Kb1 $11) 29... Rh1 30.
Rxh1 Qxh1+ 31. Kd2 Qd5 32. Kc3 Nb6 33. Qg8+ Kc7 34. Qg7+ Qd7 35. Qxd7+ Kxd7 $6
$14 (35... Nxd7 $11) 36. Nc5+ Ke7 37. Nxb7 Nd5+ 38. Kd2 Nxf4 39. b4 Nd5 40. a3
Nc7 41. Nd6 Kd7 (41... Nb5 42. Nc4 Nxd4 43. a4 Kd7 44. Kd3 Nf3 45. Ke2 Nh4 46.
Nb2 {(/\ Nd3-Nc5)} c5 47. b5 $15) 42. Kd3 $14 Nb5 43. Nc4 a6 44. a4 Nc7 45.
Nb6+ Kd8 46. Nc4 $6 (46. Kc4 Nd5 47. Nxd5 cxd5+ 48. Kd3 $11) 46... Nd5 {#} 47.
b5 $4 $19 {donne un 2eme P passe pour les Noirs...et la partie avec} (47. Na5
$1 {sauve la nulle} Nxb4+ (47... Kc7 48. Nb3 {
vise la case c5, la cle de la position noire} Nxb4+ 49. Kc4 Nd5 50. Nc5 $14)
48. Kc4 Nd5 49. Nb7+ $1 (49. Nxc6+ $2 Kc7 50. Na5 Nb6+ 51. Kb4 f4 $17) 49...
Ke7 50. Kd3 Nb6 51. Nc5 {les Blancs ont construit leur forteresse} a5 52. Kc2
Kf7 53. Kd3 Ke7 $11) 47... cxb5 48. axb5 axb5 49. Nd6 b4 50. Nb7+ Ke7 51. Nc5
Kf7 52. Kc4 f4 53. Ne4 Kg6 54. Nd2 Kf5 55. Kd3 Kg4 56. Ke2 Kg3 57. Kf1 f3 58.
Ne4+ Kf4 59. Nc5 Kg3 60. Nd3 Ne3+ 61. Kg1 b3 62. d5 Nxd5 (62... b2 63. Nxb2 f2+
64. Kh1 f1=Q#) 63. Nb2 f2+ 64. Kf1 Ne3+ 0-1

[Event "Promotion Meyreuil 04/05"]
[Site "?"]
[Date "2004.11.19"]
[Round "2"]
[White "Kolb, Sebastien"]
[Black "Gozzo, Jean-Claude"]
[Result "1-0"]
[WhiteElo "2040"]
[BlackElo "1590"]
[PlyCount "47"]
[EventDate "2004.??.??"]

1. e4 e6 2. d4 d5 3. e5 c5 4. c3 Qb6 5. Nf3 Nc6 6. Bd3 cxd4 7. cxd4 Bd7 8. O-O
Nxd4 9. Nxd4 Qxd4 10. Nc3 Qb6 (10... a6 {
est la meilleure alternative si on ne veut pas prendre en e5} 11. Qe2 Ne7 12.
Rd1 $15) (10... Qxe5 {
c'est la suite logique ... avec une grosse attaque pour les Blancs} 11. Re1 Qb8
(11... Qd6 12. Nb5 Bxb5 13. Bxb5+ Kd8 14. Be3 Nf6 15. Qa4 Qb8 16. Rac1 $15 {
leger avantage noir d'apres Fritz...mais les Noirs doivent avoir les nerfs
solides !}) 12. Nxd5 Bd6 $11) 11. Qe2 Ne7 12. Kh1 g6 $6 {
affaiblit les cases noires} 13. Bg5 h5 14. Bf6 Rg8 15. Rac1 Rc8 16. f4 Bc6 17.
Nb5 Kd7 $2 {pourquoi ?} (17... Nf5 {ce coup naturel est bien meilleur} 18. a4
a5 19. Rfd1 Bc5 20. Rc3 Kf8 21. Rdc1 Bb4 $11 {(/\ Ne3 ou Qe3)}) 18. Nd6 $1 Rc7
19. Nxf7 Nf5 (19... d4 {pour essayer de profiter de la case d5} 20. Qf2 Bd5 21.
Rxc7+ Kxc7 22. b3 Kb8 23. Rc1 Nc6 24. Nd6 $16) 20. Bxf5 (20. Bd8 $1 $18) 20...
gxf5 21. Ng5 (21. Bd8 $18 {toujours}) 21... Bg7 $6 (21... d4 22. Qxh5 Kc8 $16 {
resiste mieux}) 22. b3 Bxf6 $6 {
de toute facon plus rien ne pouvait sauver les Noirs} 23. exf6 Qd4 24. Qxe6+
1-0

[Event "Promotion Meyreuil 04/05"]
[Site "?"]
[Date "2004.11.13"]
[Round "2"]
[White "Alpe, Jean-Charles"]
[Black "Blondelon, Alain"]
[Result "1/2-1/2"]
[WhiteElo "1490"]
[BlackElo "1590"]
[PlyCount "44"]
[EventDate "2004.??.??"]

1. e4 c5 2. c4 Nc6 3. g3 Nf6 4. Bg2 e6 5. Nc3 Be7 6. Nge2 d6 7. O-O O-O 8. d3
a6 {controle et prepare b5} 9. f4 Qc7 10. h3 {Securise la case g4} e5 $14 {
affaiblit d5} (10... b6 11. b3 $11) 11. Nd5 {
Une case tres active pour le cavalier blanc.} Nxd5 12. exd5 {
Les Blancs gagnent de l'espace} Nd4 13. fxe5 {Attaque la chaine de pions} Nxe2+
14. Qxe2 dxe5 15. Bd2 Bd6 16. g4 f5 17. gxf5 Bxf5 18. Rf2 Bg6 19. Raf1 Rxf2 20.
Rxf2 Rf8 21. Rxf8+ Bxf8 22. Be4 {Le B est en securite en e4} Qd6 $14 1/2-1/2

[Event "Promotion Meyreuil 04/05"]
[Site "?"]
[Date "2004.11.27"]
[Round "3"]
[White "Gozzo, Jean-Claude"]
[Black "Nakache, Jonathan"]
[Result "1/2-1/2"]
[WhiteElo "1590"]
[BlackElo "1610"]
[PlyCount "73"]
[EventDate "2004.??.??"]

1. d4 d5 2. Nf3 Nf6 3. Bf4 Bg4 4. Ne5 Nbd7 {
on joue plutot Bf5 ou Bh5 pour garder le B} 5. h3 $11 (5. Nxg4 {Les blancs nt
l'occasion de s'emparer de la paire de fou et d'une partie du centre} Nxg4 6.
e4 Ngf6 7. e5 Ng8 8. Bd3 $14) 5... Bh5 6. g4 Bg6 7. Bg2 e6 8. Nd2 c5 {
les noirs mettent la pression au centre et gagnent un peu d'espace} 9. c3 Nxe5
10. Bxe5 Nd7 11. Qa4 f6 12. Bg3 a6 (12... Qb6 $5 {
pour garder la pression sur l'aile Q} 13. b3 cxd4 14. Qxd4 Rc8 15. e4 Qxd4 16.
cxd4 Nb6 17. a3 $11) 13. e4 b5 14. Qb3 c4 15. Qd1 Nb6 16. O-O Bd6 17. exd5 exd5
18. Re1+ Kf7 19. b3 Bxg3 20. fxg3 Qc7 21. bxc4 bxc4 22. Qf3 Rhe8 23. Qf2 Rad8
24. Nf3 Be4 $2 (24... Kg8 {par exemple garde l'egalite} 25. Rxe8+ Rxe8 26. Re1
Rxe1+ 27. Qxe1 Qd7 28. Nh4 Bd3 29. Nf5 $11) 25. Ng5+ Kg8 26. Bxe4 (26. Nxe4 {
la prise avec le N gagne le pion et garde le fou qui devrait dominer le K noir}
dxe4 27. Bxe4 Re7 28. Re2 Rde8 29. Rae1 Qd6 30. Kh2 Qd7) 26... fxg5 $1 27. Bc2
Rf8 28. Qg2 Rde8 29. Rxe8 Rxe8 30. Rf1 Re3 31. Rf3 (31. Rf8+ $5 {si les blancs
veulent essayer de torturer un peu leur adversaire avec le B contre le N} Kxf8
32. Qf2+ Qf7 33. Qxe3 Qe8 34. Qxe8+ Kxe8 35. a3 Kf8 $11) 31... Qe7 32. Qf2 Rxf3
33. Qxf3 Qe1+ 34. Kg2 Qd2+ 35. Qf2 Qxc3 36. Bxh7+ Kxh7 37. Qf5+ 1/2-1/2